000 00281nam a2200109 4500
999 _c9650
_d9650
003 OSt
005 20211127113206.0
008 211127b ||||| |||| 00| 0 eng d
245 _aPools and Spas in Hotels and Resorts Resorts
260 _aDesign Media publishing limited
942 _2ddc